| 000 | 00371nam a2200133Ia 4500 | ||
|---|---|---|---|
| 008 | 170106s2006||||xx |||||||||||||| ||und|| | ||
| 020 | _a9788189013011 | ||
| 082 |
_a305.5688095479 _bREG |
||
| 100 | _aRege,Sharmila | ||
| 245 | 0 | _aWriting caste/ writing gender : narrating dalit women's testimonies | |
| 260 |
_aNew Delhi _bZuban _c2006 |
||
| 650 | _aPhilosophy | ||
| 942 | _cBK | ||
| 999 |
_c8975 _d8975 |
||